000 01796cam a22003734a 4500
001 14131258
003 OSt
005 20260702124220.0
008 051004s2006 ilua b 001 0 eng
010 _a 2005028721
035 _a14131258
040 _aDLC
_cDLC
_dDLC
042 _apcc
050 0 0 _aBV4531.3
_b.M84 2006
082 0 0 _a259/.23
_222
100 1 _aMueller, Walt,
_d1956-
245 1 0 _aEngaging the soul of youth culture :
_bbridging teen worldviews and Christian truth /
_cWalt Mueller.
260 _aDowners Grove, Ill. :
_bInterVarsity Press,
_cc2006.
300 _a239 p. :
_bill. ;
_c24 cm.
336 _atext
_btxt
_2rdacontent
337 _aunmediated
_bn
_2rdamedia
338 _avolume
_bnc
_2rdacarrier
504 _aIncludes bibliographical references and index.
505 0 _aReality bytes: snapshots of a crying and dying culture -- There's something happenin' here -- Postmodernism: a worldview without a center -- Welcome to their jungle -- Understanding culture -- Understanding our place in culture -- Getting out of the bunker -- Marks of the twenty-first-century messenger -- Paul's Mars Hill ministry for today -- Will we listen?
583 _aCataloguing:
_c20260702
_kgtanuigtanui
650 0 _aChristian teenagers
_xReligious life.
650 0 _aPopular culture
_xReligious aspects
_xChristianity.
650 0 _aParent and teenager
_xReligious aspects
_xChristianity.
856 4 1 _3Table of contents only
_uhttp://www.loc.gov/catdir/toc/ecip061/2005028721.html
906 _a7
_bcbc
_corignew
_d1
_eecip
_f20
_gy-gencatlg
942 _2lcc
_cBK
999 _c21762
_d21761